[Event "Hampshire Major"]
[Site "Eastleigh"]
[Date "2014.11.09"]
[Round "6"]
[White "Hurn, Paul"]
[Black "Gonem, Sherif"]
[Result "1/2-1/2"]
[WhiteElo "1696"]
[BlackElo "1624"]
[PlyCount "143"]
[EventDate "2014.11.07"]
[EventType "swiss"]
[EventRounds "6"]
[EventCountry "ENG"]
[SourceTitle "BritBase"]
[Source "John Saunders"]
[SourceDate "2015.01.03"]
[SourceVersion "1"]
[SourceVersionDate "2015.01.03"]
[SourceQuality "1"]

1. e4 d6 2. d4 Nf6 3. Nc3 c6 4. Bg5 Qa5 5. Bxf6 exf6 6. Nf3 g6 7. Be2 Bg7 8. O-O O-O 9. Qd2 Bg4 10. h3 Bxf3 11. Bxf3 Nd7 12. Rad1 Rad8 13. a3 a6 14. Qc1 Rfe8 15. b4 Qc7 16. Ne2 c5 17. c3 b5 18. Qf4 Qb6 19. Bg4 Nf8 20. d5 h5 21. Bf3 Nd7 22. Qd2 Ne5 23. Kh1 Rc8 24. Rc1 Kh7 25. Ra1 Qc7 26. Ra2 Qd7 27. Kh2 Bh6 28. Qc2 Qc7 29. Rb1 Qb6 30. Kg1 Bg5 31. Kf1 Bh4 32. Ng3 Re7 33. a4 Rec7 34. axb5 Nxf3 35. gxf3 Qxb5+ 36. Qe2 cxb4 37. Qxb5 axb5 38. cxb4 Rc2 39. Rxc2 Rxc2 40. Ne2 Rc4 41. Rb3 f5 42. exf5 Bg5 43. fxg6+ fxg6 44. Nc3 Bd2 45. Nxb5 Bxb4 46. Rb1 Bc5 47. Re1 Kg7 48. Nc7 Kf7 49. Ne6 Rc2 50. Nxc5 Rxc5 51. Rd1 Kf6 52. Ke2 Ke5 53. Ke3 Rxd5 54. f4+ Ke6 55. Rg1 Kf6 56. h4 Ra5 57. Rd1 Ke6 58. Rg1 Kf6 59. Rg5 Rxg5 60. fxg5+ Kf5 61. f4 d5 62. Kd4 Kxf4 63. Kxd5 Kf5 64. Kd4 Kf4 65. Kd5 Kg4 66. Ke5 Kxh4 67. Kf6 Kg3 68. Kxg6 h4 69. Kf6 h3 70. g6 h2 71. g7 h1=Q 72. g8=Q+ 1/2-1/2

[Event "Hampshire Major"]
[Site "Eastleigh"]
[Date "2014.11.09"]
[Round "6"]
[White "Belinger, John"]
[Black "Agostinelli, Dave"]
[Result "1-0"]
[WhiteElo "1776"]
[BlackElo "1624"]
[PlyCount "119"]
[EventDate "2014.11.07"]
[EventType "swiss"]
[EventRounds "6"]
[EventCountry "ENG"]
[SourceTitle "BritBase"]
[Source "John Saunders"]
[SourceDate "2015.01.03"]
[SourceVersion "1"]
[SourceVersionDate "2015.01.03"]
[SourceQuality "1"]

1. e4 b6 2. d4 Bb7 3. Nc3 e6 4. Bd3 Bb4 5. Nge2 Nf6 6. a3 Bxc3+ 7. Nxc3 h6 8. O-O O-O 9. e5 Nd5 10. Qg4 f5 11. Qg3 Kh8 12. Nxd5 Bxd5 13. Qh3 Kg8 14. Qg3 Kh8 15. Qh3 Qe7 16. Bd2 d6 17. f4 Nd7 18. c3 c5 19. Rac1 a6 20. Be2 Be4 21. Bf3 d5 22. Bxe4 dxe4 23. g4 Kg8 24. Kh1 Rf7 25. Rg1 Kf8 26. g5 Ke8 27. gxh6 gxh6 28. Rg8+ Nf8 29. Rcg1 Ra7 30. Be1 Qb7 31. R1g2 cxd4 32. cxd4 Qd5 33. Qe3 a5 34. h3 Rac7 35. Bc3 Qc4 36. Kh2 Kd8 37. Rh8 Ke7 38. Rxh6 Nd7 39. Rh8 Rc8 40. Rxc8 Qxc8 41. Qf2 Qh8 42. Qg3 Qh6 43. Qg5+ Qxg5 44. Rxg5 Rh7 45. Kg3 Kf7 46. h4 Rh6 47. h5 Nf8 48. Kh4 Rh7 49. b4 a4 50. b5 Rh8 51. Bb4 Nd7 52. Bd6 Rc8 53. h6 Rc1 54. Rg7+ Ke8 55. Kg5 Rh1 56. Kg6 Nf8+ 57. Bxf8 Kxf8 58. Rf7+ Ke8 59. h7 Rg1+ 60. Kf6 1-0

[Event "Hampshire Major"]
[Site "Eastleigh"]
[Date "2014.11.09"]
[Round "6"]
[White "Snook Lumb, Chris"]
[Black "Samuels, Henry Alexander"]
[Result "0-1"]
[WhiteElo "1592"]
[BlackElo "1752"]
[PlyCount "80"]
[EventDate "2014.11.07"]
[EventType "swiss"]
[EventRounds "6"]
[EventCountry "ENG"]
[SourceTitle "BritBase"]
[Source "John Saunders"]
[SourceDate "2015.01.03"]
[SourceVersion "1"]
[SourceVersionDate "2015.01.03"]
[SourceQuality "1"]

1. c4 c5 2. g3 g6 3. Bg2 Bg7 4. Nf3 Nf6 5. Nc3 O-O 6. a3 a5 7. Rb1 Nc6 8. O-O e5 9. Ne1 d6 10. Nc2 Nh5 11. b4 axb4 12. axb4 f5 13. b5 Nd4 14. Ne3 Kh8 15. Ned5 Nf6 16. d3 Nxd5 17. Nxd5 Ra2 18. e3 Ne2+ 19. Kh1 Nxc1 20. Rxc1 e4 21. Nc3 Ra3 22. Qd2 Qa5 23. dxe4 Rxc3 24. Qxd6 Rxc1 25. Rxc1 Qb4 26. e5 Qb2 27. Rd1 Qxe5 28. Qxe5 Bxe5 29. Rd5 Bc3 30. Rxc5 Bb4 31. Rc7 b6 32. Bd5 Bc5 33. Kg2 Rd8 34. Kh3 f4+ 35. Kh4 fxe3 36. fxe3 Bxe3 37. g4 Bd7 38. h3 h6 39. Kg3 Bxb5 40. Kf3 Bc5 0-1

[Event "Hampshire Major"]
[Site "Eastleigh"]
[Date "2014.11.09"]
[Round "6"]
[White "Stone, Mark"]
[Black "Foley, Phil T"]
[Result "0-1"]
[WhiteElo "1624"]
[BlackElo "1736"]
[PlyCount "114"]
[EventDate "2014.11.07"]
[EventType "swiss"]
[EventRounds "6"]
[EventCountry "ENG"]
[SourceTitle "BritBase"]
[Source "John Saunders"]
[SourceDate "2015.01.03"]
[SourceVersion "1"]
[SourceVersionDate "2015.01.03"]
[SourceQuality "1"]

1. e4 c5 2. Nf3 e6 3. Nc3 a6 4. d3 Nc6 5. g3 Be7 6. Bg2 d6 7. O-O Nf6 8. a4 O-O 9. h3 Bd7 10. Be3 Qb6 11. b3 d5 12. exd5 exd5 13. Bg5 Be6 14. Re1 Rad8 15. Bf4 Nd7 16. Ng5 Bf6 17. Rxe6 Bxg5 18. Nxd5 Qa7 19. Bxg5 fxe6 20. Bxd8 Rxd8 21. Nf4 Nf8 22. Qg4 Nd4 23. Nh5 b6 24. Nf6+ Kh8 25. Qh4 Qe7 26. Ne4 Qxh4 27. gxh4 Nxc2 28. Ng5 Rxd3 29. Be4 Nxa1 30. Bxd3 Nxb3 31. Bxa6 Nd4 32. Bc4 Kg8 33. Kg2 h6 34. Nf3 Ng6 35. Nxd4 cxd4 36. Bxe6+ Kf8 37. Kg3 d3 38. Bb3 d2 39. h5 Ne5 40. Kf4 Nc4 41. Ke4 Nb2 42. Kd5 d1=Q+ 43. Bxd1 Nxd1 44. Kc6 Nc3 45. Kxb6 Nxa4+ 46. Kc6 Nc3 47. f3 Kf7 48. Kc5 Kf6 49. Kd4 Ne2+ 50. Ke3 Ng3 51. Kf4 Nxh5+ 52. Kg4 Kg6 53. h4 Nf6+ 54. Kf4 Kh5 55. Kg3 Nd5 56. Kh3 Nf4+ 57. Kg3 Ng6 0-1

[Event "Hampshire Major"]
[Site "Eastleigh"]
[Date "2014.11.09"]
[Round "6"]
[White "Syed, Ashraf"]
[Black "Crouch, Timothy J"]
[Result "0-1"]
[WhiteElo "1712"]
[BlackElo "1616"]
[PlyCount "124"]
[EventDate "2014.11.07"]
[EventType "swiss"]
[EventRounds "6"]
[EventCountry "ENG"]
[SourceTitle "BritBase"]
[Source "John Saunders"]
[SourceDate "2015.01.03"]
[SourceVersion "1"]
[SourceVersionDate "2015.01.03"]
[SourceQuality "1"]

1. d4 d5 2. Nf3 Bf5 3. Bf4 e6 4. e3 Bd6 5. Bxd6 Qxd6 6. c3 Nf6 7. Bd3 Bg4 8. Nbd2 O-O 9. O-O Nbd7 10. Be2 Bxf3 11. Nxf3 e5 12. dxe5 Nxe5 13. Nxe5 Qxe5 14. Qd4 Rfe8 15. Rfe1 c6 16. Rad1 Re7 17. a4 a6 18. Bd3 Qc7 19. b4 Rae8 20. f3 h6 21. g3 Nd7 22. Kf2 b5 23. axb5 axb5 24. Ra1 Rb8 25. Ra7 Rb7 26. Ra8+ Rb8 27. Rea1 Rxa8 28. Rxa8+ Nb8 29. Qc5 Re8 30. Ra7 Qe5 31. f4 Qe6 32. Ra8 Qc8 33. Qb6 g6 34. Ra7 Qe6 35. Ra8 Qc8 36. Ra7 Nd7 37. Qd4 Re6 38. f5 Re7 39. fxg6 fxg6 40. Bxg6 Qf8+ 41. Ke2 Ne5 42. Rxe7 Qxe7 43. Bd3 Kg7 44. Qf4 Qf6 45. Qf5 Qxf5 46. Bxf5 Kf6 47. Bc8 Nf7 48. Kd3 Ke5 49. Bd7 Kd6 50. Be8 Ne5+ 51. Ke2 Ke6 52. h3 Kf6 53. Bh5 Kg5 54. Bf3 Kf5 55. g4+ Kg5 56. Kf2 Kh4 57. Kg2 Nxf3 58. Kxf3 Kxh3 59. Kf4 Kg2 60. e4 dxe4 61. Kxe4 Kg3 62. Kf5 Kf3 0-1